000 00897nam a2200301Ia 4500
001 8484
003 IT-RoPAU
008 130308s9999 xx 000 0 und d
040 _aIT-RoPAU
040 _cIT-RoPAU
041 _aFRANCESE
100 _aOssipow William
100 _gCodice Aut. SPICS: 26465
245 _aOligopolisation de l'ideologie et localisation optimale
245 _bAnalyse de L'Ideologie-1-Problematiques
250 _a1a ed.
260 _aPARIS
260 _bGalilee
260 _c1980 [1° Ed.:1980 - Ed.Ling.Originale:1980]
300 _a"17 p. (prefazione: no ; testo: 17 [pagine: 131-147])"
500 _aOligopolizzazione dell'ideologia e Localizzazione Ottimale Campo ideologico Standardizzazione a lungo Termine
650 _aEPISTEMOLOGIA
650 _eCodice materia Spics: 3051
942 _cBK
957 _71
999 _c38801
_d38801
999 _bSI
999 _g1